What Continent Is It On? - 3 Continent Model - Statistics

General Stats
  • This quiz has been taken 38 times
    35 since last reset
  • The average score is 15 of 32
Answer Stats
Hint Answer % Correct
Damascus Afroeurasia
76%
Beijing Afroeurasia
73%
Mexico City America
70%
Sydney Oceania
70%
Crimea Afroeurasia
67%
Chernobyl Afroeurasia
64%
Seattle America
64%
Auckland Oceania
64%
South Pole Oceania
64%
Key West America
61%
Baku Afroeurasia
58%
Bahrain Afroeurasia
58%
Singapore Afroeurasia
52%
Kowloon Afroeurasia
48%
The World Islands Oceania
48%
Lefkada Afroeurasia
45%
Jeju Island Oceania
42%
North Pole Oceania
39%
Peloponnese Afroeurasia
36%
Rhodes Oceania
36%
Tokyo Oceania
33%
Isle of Man Oceania
33%
Sicily Oceania
33%
Cyprus Oceania
30%
Greenwich Oceania
30%
Pheasant Island Afroeurasia
27%
Statue of Liberty Oceania
27%
Manitoulin Island America
24%
Zanzibar Oceania
24%
Sri Lanka Oceania
24%
Bornholm Oceania
24%
Vancouver Island Oceania
24%
No matching quizzes found
Score Distribution
Percent of People with Each Score
Percentile by Number Answered
Your Score History
You have not taken this quiz since the last reset